<?xml version="1.0" encoding="UTF-8"?>
<marc:record xmlns:marc="http://www.loc.gov/MARC21/slim">
   <marc:leader>00000nam a2200000 a 4500</marc:leader>
   <marc:datafield ind1="1" ind2=" " tag="100">
      <marc:subfield code="a">Junga, Michael</marc:subfield>
      <marc:subfield code="4">aut</marc:subfield>
      <marc:subfield code="e">Verfasser/-in</marc:subfield>
   </marc:datafield>
   <marc:datafield ind1="1" ind2=" " tag="100">
      <marc:subfield code="a">Bayer, Frank</marc:subfield>
      <marc:subfield code="4">ill</marc:subfield>
      <marc:subfield code="e">Illustrator/-in</marc:subfield>
   </marc:datafield>
   <marc:datafield ind1=" " ind2=" " tag="653">
      <marc:subfield code="a">Arbeitsheft</marc:subfield>
   </marc:datafield>
   <marc:datafield ind1=" " ind2=" " tag="653">
      <marc:subfield code="a">Lernspiel</marc:subfield>
   </marc:datafield>
   <marc:datafield ind1=" " ind2=" " tag="653">
      <marc:subfield code="a">Wahrnehmung und Konzentration</marc:subfield>
   </marc:datafield>
   <marc:datafield ind1=" " ind2=" " tag="653">
      <marc:subfield code="a">Softcover / Schule</marc:subfield>
   </marc:datafield>
   <marc:datafield ind1=" " ind2=" " tag="653">
      <marc:subfield code="a">Lernen/Lernhilfen</marc:subfield>
   </marc:datafield>
   <marc:datafield ind1=" " ind2=" " tag="653">
      <marc:subfield code="a">Abiturwissen/Kita</marc:subfield>
   </marc:datafield>
   <marc:datafield ind1=" " ind2=" " tag="653">
      <marc:subfield code="a">Vorschule</marc:subfield>
   </marc:datafield>
   <marc:datafield ind1="0" ind2="0" tag="245">
      <marc:subfield code="a">Meine ersten Farbenspiele</marc:subfield>
   </marc:datafield>
   <marc:datafield ind1="0" ind2="0" tag="245">
      <marc:subfield code="b">logisches Denken : 2-3 Jahre</marc:subfield>
   </marc:datafield>
   <marc:datafield ind1="0" ind2="0" tag="245">
      <marc:subfield code="c">Autor: Michael Junga ; Illustrationen Frank Bayer, Duisburg</marc:subfield>
   </marc:datafield>
   <marc:datafield ind1=" " ind2="1" tag="264">
      <marc:subfield code="a">Braunschweig</marc:subfield>
      <marc:subfield code="b">Westermann Lernspielverlage GmbH</marc:subfield>
   </marc:datafield>
   <marc:datafield ind1="1" ind2=" " tag="490">
      <marc:subfield code="a">Westermann Lernspiel</marc:subfield>
   </marc:datafield>
   <marc:datafield ind1="1" ind2=" " tag="520">
      <marc:subfield code="a">Angaben aus der Verlagsmeldung

bambinoLÜK-System - bambinoLÜK-System bambinoLÜK-System / bambinoLÜK : Meine ersten Farbenspiele: Logisches Denken

BambinoLÜK heißt unser Lernspiel für Kindergartenkinder, speziell für die Kleinsten von zwei bis sechs Jahren.

Für Kindergartenkinder von 2 bis 6 Jahren

BambinoLÜK heißt unser Lernspiel für Kindergartenkinder und wir haben es speziell für die Kleinsten von zwei bis sechs Jahren entwickelt. Mit bambinoLÜK können Sie Ihre Kinder schon früh und spielerisch in ihrer Entwicklung unterstützen und fördern.

bambinoLÜK-System

Das früher bereits als Pappversion bekannte bambinoLÜK haben wir zu einem System umgestaltet. Mit dem universellen bambinoLÜK-Kontrollgerät können alle bambinoLÜK-Übungshefte mit Themen wie Zuordnen und Konzentrieren bis hin zu Rechnen und Lesen bearbeitet werden. Es ist nicht nur im Kindergarten gern gesehen, sondern auch unterwegs und zu Hause sehr beliebt, da es die kindliche Motorik und Wahrnehmung fördert.

Spielweise

So einfach geht's:

bambinoLÜK-Kontrollgerät öffnen und auf die aufgeschlagene Übung des bambinoLÜK-Heftes legen.

Die sechs Aufgabenplättchen mit den Symbolen oben auf die Aufgabenfelder mit den gleichen Symbolen legen.

Das erste Plättchen nehmen und die Aufgabe ansehen, die unter dem Plättchen liegt.

Wenn das zum oberen Aufgabenbild passende untere Lösungsbild gefunden ist, wird das Plättchen auf dem unteren Bild abgelegt usw.

Alle Plättchen abgelegt? - Dann bitte das bambinoLÜK-Gerät schließen und nach oben umdrehen.

Das entstandene Kontrollmuster mit dem Lösungsmuster, das neben der Übung abgebildet ist, vergleichen.

Stimmen die beiden Muster überein? - Dann sind alle Aufgaben richtig gelöst!

</marc:subfield>
   </marc:datafield>
   <marc:datafield ind1=" " ind2=" " tag="020">
      <marc:subfield code="a">9783837776775</marc:subfield>
      <marc:subfield code="9">9783837776775</marc:subfield>
   </marc:datafield>
   <marc:datafield ind1=" " ind2=" " tag="020">
      <marc:subfield code="a">3837776778</marc:subfield>
      <marc:subfield code="9">3837776778</marc:subfield>
   </marc:datafield>
   <marc:datafield ind1=" " ind2=" " tag="041">
      <marc:subfield code="a">ger</marc:subfield>
   </marc:datafield>
   <marc:datafield ind1=" " ind2=" " tag="300">
      <marc:subfield code="a">26 ungezählte Seiten</marc:subfield>
   </marc:datafield>
</marc:record>
